00530nam a22001697a 450000500170000001000160001702000260003303500140005903700130007308200100008610000210009624500690011726000610018627000690024730000240031670000200034020230919151333.0 aENG-1381370 a9789394122109c883.00 aEN-121662 bDBAD/PUB a389.1 aSreekanth, D. V. aMetrology and Machine Tools /cD.V. Sreekanth and S. Pavankalyan aHyderabadbM/s SevenHills International Publishersc2022 a326/C, Level-3, Near BK Guda Park, S R NagarbHyderabade500038 axvi, 312c25cm(pbk) aPavankalyan, S.